Tendencias de la investigación sobre derecho consuetudinario en Guatemala /
Збережено в:
| Автор: | |
|---|---|
| Формат: | Текст |
| Предмети: | |
| Теги: |
Додати тег
Немає тегів, Будьте першим, хто поставить тег для цього запису!
|
MARC
| LEADER | 00000 a a2200000 04500 | ||
|---|---|---|---|
| 001 | 45490 | ||
| 003 | |||
| 040 | |||
| 090 | |a REV0780 (40)2002 | ||
| 100 | |a Ochoa García, Carlos | ||
| 245 | |a Tendencias de la investigación sobre derecho consuetudinario en Guatemala / |c Carlos Ochoa García | ||
| 650 | |a GOBIERNO | ||
| 650 | |a GUERRA CIVIL | ||
| 650 | |a REFORMA AGRARIA | ||
| 650 | |a SEGURIDAD SOCIAL | ||
| 773 | |g número40, V Epoca (2002), páginas 118-131 | ||
| 999 | |c 26725 |d 26725 | ||
